000
00286nam a22000977a 4500
999
_c
11207
_d
11207
008
181009b ||||| |||| 00| 0 eng d
020
_a
9781408701614
100
_a
SHANTRAM
_9
6961
245
_a
THE MOUNTAIN SHADOW
_b
GEOGRAPHY DAVID RTOBERTS
260
_a
LONDON
_b
LITTLE BROWN PUBLICATION
_c
2015